000 00636nam a22002177a 4500
003 UA-OsUOA
001 117482
007 ta
008 20160525b un ||||| |||| 00| 0 ukr d
100 _aКирилов Ю.Є.
090 _a330(477)
_bК43
942 _cSA
040 _aUA-OsUOA
_bukr
_cUA-OsUOA
_dUA-OsUOA
245 _aРозвиток аграрного сектору економіки в умовах глобалізаії
300 _aС.23-30
955 _a0
041 _aukr
080 _a330(477)
773 0 _w117481
_tЕкономіка АПК
_dК.
_d2016
_g5
650 7 _a330 Економіка взагалі
_2UDC
999 _c403508
_d403508